| 000 | 01032nam a2200277Ia 4500 | ||
|---|---|---|---|
| 001 | Para_3084 | ||
| 003 | CHAP | ||
| 008 | 220125s1980 xx 000 0 und d | ||
| 010 | _a201478 | ||
| 040 | _cCHAP | ||
| 090 | _aPA TESIS 317 | ||
| 100 |
_aSolorio Moreno, Carlos _9108512 |
||
| 245 |
_aRespuesta de 14 variedades de alfalfa al pulgón manchado Therioaphis maculata (Buckton) (Homoptera : _b Aphididae) en condiciones de invernadero / _c Carlos Solorio Moreno |
||
| 260 |
_aChapingo, Méx. : _b El autor |
||
| 300 | _a74 h. | ||
| 502 | _aTesis (Maestro en Ciencias Esp. en Entomología) -- CP. Centro de Entomología | ||
| 650 |
_aAlfalfa _x Plagas Pterocallidium trifoli Alfalfa _x Variedades resistentes a enfermedades _9166401 |
||
| 710 |
_aColegio de Postgraduados (Chapingo, Méx.). Centro de Entomología _9166402 |
||
| 901 | _aPA TESIS 317 | ||
| 902 | _aA | ||
| 905 | _a0000001980 CHAai 0000000000 00 | ||
| 910 | _a1980 | ||
| 942 | _cPARA | ||
| 942 |
_cPARA _d1 |
||
| 999 |
_c201478 _d201478 |
||